Les 20 villes les plus peuplées du Pas-de-Calais (62) - Statistiques

Statistiques générales
  • Ce quiz a été pris 97 fois
  • Le résultat moyen est 10 sur 20
Statistiques - réponses
HINT HINT ANSWER % Correct
42 621 A Arras
96%
67 585 C Calais
95%
32 697 L Lens
87%
41 039 B Boulogne-sur-Mer
82%
25 342 B Béthune
78%
14 358 S Saint-Omer
72%
25 764 H Hénin-Beaumont
71%
30 113 L Liévin
67%
12 967 B Berck
45%
17 571 A Avion
37%
21 997 B Bruay-la-Buissière
37%
17 966 C Carvin
34%
13 398 O Outreau
32%
10 693 É Étaples
28%
11 384 N Noeux-les-Mines
25%
12 172 B Bully-les-Mines
21%
11 036 S Saint-Martin-Boulogne
18%
10 559 L Longuenesse
16%
12 264 H Harnes
13%
11 651 M Méricourt
12%
Aucun quiz correspondant
Distribution des résultats
% des personnes avec chaque résultat
Percentile par nombre de réponses
Votre historique - résultats
Vous n’avez pas pris ce quiz